| 000 | 00979nam a2200277Ia 4500 | ||
|---|---|---|---|
| 003 | OSt | ||
| 005 | 20220918173040.0 | ||
| 006 | a|||||r|||| 00| 0 | ||
| 007 | ta | ||
| 008 | 220917b |||||||| |||| 00| 0 eng d | ||
| 024 | _a4,729 | ||
| 037 | _cTextual | ||
| 040 |
_aARTS _cARTS _beng |
||
| 041 |
_2eng _aeng |
||
| 082 | _a2:51p1, N67, K8 (2D) | ||
| 100 |
_aNeelameghan _944603 |
||
| 110 |
_aInternational federation for documentation committee on classification research (Copenhagen (1967)) _944604 |
||
| 245 | 0 | _aProceeding | |
| 260 |
_aCopenhagen _bDanish centre for documentation _c1967 |
||
| 490 | _aFid Publ series, 405, Fid/Cr Report series, 5, 6 | ||
| 650 | _aLIBRARY SCIENCE | ||
| 700 |
_a Gopinath M A _944605 |
||
| 700 |
_aInternational federation for documentation committee on classification research (Copenhagen (1967)) _944606 |
||
| 942 |
_h2:51p1, N67, K8 (2D) _cTEXL _2CC |
||
| 999 |
_c146915 _d146915 |
||